Modulo 5 : desarrollo de los temas de los contenidos básicos comunes /

Guardado en:
Formato: Libro
Publicado: La Plata : , 1995
Materias:
Etiquetas: Agregar Etiqueta
Sin Etiquetas, Sea el primero en etiquetar este registro!
LEADER 00736nam a22002055a 4500
001 CEM.cems009050
005 20090914102801.0
008 130507s1995##################000#0#####d
003 CEMS
082 0 4 |a 375 
245 0 0 |a Modulo 5 :  |b desarrollo de los temas de los contenidos básicos comunes / 
260 |a La Plata :  |b ,  |c 1995 
300 |a 158 p. 
653 |a Contenidos básicos comunes 
653 |a Educación 
653 |a Inmigración 
859 |a CEMS  |b BIB. CEMS - 11 de abril  |h 375  |i B862  |p 18667.95  |t Ej.1  |v 5  |3 5 
859 |a CEMS  |b BIB. CEMS - 11 de abril  |h 375  |i B862  |p 18668.95  |t Ej.2  |v 5  |3 5 
859 |a CEMS  |b BIB. CEMS - 11 de abril  |h 375  |i B862  |p 18669.95  |t Ej.3  |v 5  |3 5 
859 |a CEMS  |b BIB. CEMS - 11 de abril  |h 375  |i B862  |p 18670.95  |t Ej.4  |v 5  |3 5